000 00417nam a22001697a 4500
005 20260413115905.0
008 160627b xxu||||| |||| 00| 0 eng d
020 _a978-0-00-71-5490-6
041 _aeng
082 _a823.912 CHR
100 _aChristic, Agatha
_92855
245 _aDestination Unknown
260 _bHarper
_c1954
300 _a316
650 _xEnglish detective/mystery fiction
_98977
942 _cBK
999 _c4133
_d4132